00478nam a2200169 i 450000100060000000300090000600500170001500700030003200800410003508000380007610000220011424500490013626000330018530000210021860000480023985200210028735601ES-MaACL20250618142456.0t|030213s1907 fr ||||1| fre d a75 Rembrandt Harmenszoon van Rijh1 aBréal, Auguste.10aRembrandt b: 1606-1669 / cAuguste Bréal. aParis : bLarousse, c[1907] a78 p. ; c19 cm.04aRembrandt Harmenszoon van Rijn, d1606-1669 aES-MaACLjG-8580